Les Pays d'Amérique du Nord - Statistiques

Statistiques générales
  • Ce quiz a été pris 89 fois
  • Le résultat moyen est 19 sur 23
Réponses sur la Carte
Les réponses sont colorées sur une échelle allant du rouge au vert en fonction du pourcentage des utilisateurs qui les ont devinées à leur premier essai. Vous pouvez retrouver ces pourcentages ci-dessous.
 
Statistiques - réponses
Pays % Correct
Canada
100%
Mexique
100%
Etats-Unis
99%
Cuba
94%
Haïti
90%
Panama
90%
Honduras
89%
République dominicaine
87%
Costa Rica
86%
Guatemala
86%
Jamaïque
86%
Bahamas
80%
Nicaragua
80%
Belize
79%
Barbade
77%
Salvador
77%
Sainte-Lucie
76%
Grenade
73%
Saint-Vincent-et-les- Grenadines
73%
Dominique
71%
Trinité-et-Tobago
71%
Antigua-et-Barbuda
69%
Saint-Christophe-et-Niévès
68%
Aucun quiz correspondant
Distribution des résultats
% des personnes avec chaque résultat
Percentile par nombre de réponses
Votre historique - résultats
Vous n’avez pas pris ce quiz